[Event "Johannesburg Tsogo Sun op"]
[Site "Johannesburg"]
[Date "2015.07.15"]
[Round "1"]
[White "Du Plessis, Heinco"]
[Black "Mndaweni, Mfanafuthi D"]
[Result "1-0"]
[WhiteElo "2031"]
[BlackElo "1723"]
[PlyCount "97"]
[EventDate "2015.07.15"]
[EventType "swiss"]
[EventRounds "9"]
[EventCountry "RSA"]
[SourceTitle "CBM 167 Extra"]
[Source "ChessBase"]
[SourceDate "2015.09.14"]
[SourceVersion "1"]
[SourceVersionDate "2015.09.14"]
[SourceQuality "1"]

1. e4 b6 2. d4 Bb7 3. Bd3 Nf6 4. Qe2 e6 5. Nf3 c5 6. c3 Nc6 7. d5 Na5 8. c4 d6 9. 0-0 e5 10. Nfd2 g6 11. a3 Bc8 12. b4 Nb7 13. f4 Qe7 14. fxe5 dxe5 15. Nf3 Bg7 16. Bb2 Nh5 17. Nc3 Nf4 18. Qc2 0-0 19. Ne2 Nxd3 20. Qxd3 Nd6 21. bxc5 bxc5 22. a4 f5 23. Nd2 Ba6 24. Ba3 fxe4 25. Qc3 Qc7 26. Rxf8+ Rxf8 27. Ng3 Rf4 28. Rc1 e3 29. Qxe3 Nxc4 30. Nxc4 Bxc4 31. Bxc5 Bxd5 32. Bxa7 Qb7 33. Rd1 Rxa4 34. Bc5 Ra2 35. Ne2 h6 36. Qd3 Kf7 37. Rf1+ Bf6 38. Qe3 Bxg2 39. Rf2 Be4 40. Qxh6 Qb1+ 41. Rf1 Qc2 42. Qh7+ Ke6 43. Qg8+ Kd7 44. Qf7+ Kc8 45. Rc1 Ra1 46. Qe6+ Kb8 47. Qb6+ Bb7 48. Bd6+ Kc8 49. Rxa1 1-0